Digital marketing analytics (Record no. 5160)

MARC details
000 -CABECERA
campo de control de longitud fija 02751nam a2200373 i 4500
001 - NÚMERO DE CONTROL
campo de control 8443932
003 - IDENTIFICADOR DEL NÚMERO DE CONTROL
campo de control CaAEU
005 - FECHA Y HORA DE LA ÚLTIMA TRANSACCIÓN
campo de control 20260512151813.0
006 - CÓDIGOS DE INFORMACIÓN DE LONGITUD FIJA--CARACTERÍSTICAS DEL MATERIAL ADICIONAL
campo de control de longitud fija m o d
007 - CAMPO FIJO DE DESCRIPCIÓN FÍSICA--INFORMACIÓN GENERAL
campo de control de longitud fija cr unu||||||||
008 - DATOS DE LONGITUD FIJA--INFORMACIÓN GENERAL
campo de control de longitud fija 180518s2018 xx a ob 001 0 eng d
020 ## - NÚMERO INTERNACIONAL ESTÁNDAR DEL LIBRO
Número Internacional Estándar del Libro 9780789759603
035 ## - NÚMERO DE CONTROL DEL SISTEMA
Número de control de sistema on1035957567
037 ## - FUENTE DE ADQUISICIÓN
Número de adquisición CL0500000965
Fuente del número de adquisición Safari Books Online
039 ## - NIVEL DE CONTROL BIBLIOGRÁFICO Y DETALLES DE CODIFICACIÓN [OBSOLETO]
Nivel de reglas en descripción bibliográfica exclude
040 ## - FUENTE DE LA CATALOGACIÓN
Centro catalogador/agencia de origen UMI
Lengua de catalogación eng
Normas de descripción rda
-- pn
Centro/agencia transcriptor UMI
Centro/agencia modificador AEU
041 ## - CÓDIGO DE LENGUA
Código de lengua del texto/banda sonora o título independiente eng
050 #4 - SIGNATURA TOPOGRÁFICA DE LA BIBLIOTECA DEL CONGRESO
Número de clasificación HF5415.1265
090 ## - LOCALMENTE ASIGNADO TIPO-LC NÚMERO DE CLASIFICACIÓN (OCLC); NÚMERO DE CLASIFICACIÓN LOCAL (RLIN)
Número de clasificación (OCLC) (R) ; Numero de clasificación, CALL (RLIN) (NR) Internet Access
Número cutter local (OCLC) ; Número de libro/Signatura topográfica íntegra, CALL (RLIN) AEU
100 ## - ENTRADA PRINCIPAL--NOMBRE DE PERSONA
Nombre de persona Hemann, Chuck
Término indicativo de función/relación author
9 (RLIN) 25899
245 10 - MENCIÓN DE TÍTULO
Título Digital marketing analytics
Resto del título : making sense of consumer data in a digital world
Mención de responsabilidad, etc. / Chuck Hemann, Ken Burbary.
250 ## - MENCIÓN DE EDICIÓN
Mención de edición Second edition.
260 ## - PUBLICACIÓN, DISTRIBUCIÓN, ETC.
Lugar de publicación, distribución, etc. [Place of publication not identified] :
Nombre del editor, distribuidor, etc. Pearson Education,
Fecha de publicación, distribución, etc. 2018.
300 ## - DESCRIPCIÓN FÍSICA
Extensión xix, 252 pages :
Otras características físicas illustrations
Dimensiones 24 cm.
504 ## - NOTA DE BIBLIOGRAFÍA, ETC.
Nota de bibliografía, etc. Includes bibliographical references and index.
520 ## - SUMARIO, ETC.
Sumario, etc. Why hasn’t all that data delivered a whopping competitive advantage? Because you’ve barely begun to use it, that’s why! Good news: neither have your competitors. It’s hard! But digital marketing analytics is 100% doable, it offers colossal opportunities, and all of the data is accessible to you. Chuck Hemann and Ken Burbary will help you chop the problem down to size, solve every piece of the puzzle, and integrate a virtually frictionless system for moving from data to decision, action to results! Scope it out, pick your tools, learn to listen, get the metrics right, and then distill your digital data for maximum value for everything from R&D to customer service to social media marketing!<br/>Prioritize―because you can’t measure and analyze everything; <br/>Use analysis to craft experiences that profoundly reflect each customer’s needs, expectations, and behaviors; <br/>Measure real digital media ROI: sales, leads, and customer satisfaction; <br/>Track the performance of all paid, earned, and owned digital channels; <br/>Leverage digital data way beyond PR and marketing: for strategic planning, product development, and HR; <br/>Start optimizing digital content in real time; <br/>Implement advanced tools, processes, and algorithms for accurately measuring influence; <br/>Make the most of surveys, focus groups, and offline research synergies; <br/>Focus new marketing investments where they’ll deliver the most value; Identify and understand your most important audiences across the digital ecosystem
588 ## - NOTA DE FUENTE DE LA DESCRIPCIÓN
Nota de fuente de la descripción Description based on online resource; title from title page (Safari, viewed May 16, 2018).
650 #0 - PUNTO DE ACCESO ADICIONAL DE MATERIA--TÉRMINO DE MATERIA
Término de materia o nombre geográfico como elemento de entrada Internet marketing
9 (RLIN) 1133
650 #0 - PUNTO DE ACCESO ADICIONAL DE MATERIA--TÉRMINO DE MATERIA
Término de materia o nombre geográfico como elemento de entrada Digital media
9 (RLIN) 9437
650 #0 - PUNTO DE ACCESO ADICIONAL DE MATERIA--TÉRMINO DE MATERIA
Término de materia o nombre geográfico como elemento de entrada Social media
9 (RLIN) 1729
650 #0 - PUNTO DE ACCESO ADICIONAL DE MATERIA--TÉRMINO DE MATERIA
Término de materia o nombre geográfico como elemento de entrada Marketing
Subdivisión general Management
9 (RLIN) 9256
700 ## - ENTRADA AGREGADA--NOMBRE PERSONAL
Nombre de persona Burbary, Ken
Término indicativo de función/relación author
9 (RLIN) 25900
942 ## - ELEMENTOS DE ENTRADA AGREGADA (KOHA)
Fuente del sistema de clasificación o colocación Clasificación de Library of Congress
Holdings
Estado de retiro Estado de pérdida Fuente del sistema de clasificación o colocación Estado dañado No para préstamo Biblioteca de origen Biblioteca actual Fecha de adquisición Total de préstamos Signatura topográfica completa Código de barras Fecha visto por última vez Número de copia Precio válido a partir de Tipo de ítem Koha
    Clasificación de Library of Congress     TBS Barcelona TBS Barcelona 10/11/2025   HF5415.1265 HEM B05674 10/11/2025 1 10/11/2025 Book

Powered by Koha